| 000 | 00706nam a22002175i 4500 | ||
|---|---|---|---|
| 001 | 177660 | ||
| 003 | ES-MaACL | ||
| 005 | 20230906220401.0 | ||
| 008 | 110411s2008 sp |||| | spa d | ||
| 020 | _a978-84-96812-19-2 | ||
| 080 | _a821.134.2-14"19" | ||
| 100 | 1 |
_aOrtega Parra, Joaquín. _987486 |
|
| 245 | 1 | 0 |
_aEste viejo payaso / _cJoaquín Ortega Parra. |
| 260 |
_aAlcalá de Henares : _bFundación Colegio del Rey, _cimp. 2008. |
||
| 300 |
_a86 p. ; _c21 cm. |
||
| 490 | 1 |
_aAlcalá-Poesía ; _v30 |
|
| 500 | _aEste viejo payaso obtuvo el premio de poesía "Ciudad de Alcalá" 2007. | ||
| 830 | 0 |
_aAlcalá-Poesía ; _v30 _9189789 |
|
| 852 |
_aES-MaACL _jE-14859 |
||
| 999 |
_c177660 _d177660 |
||